[Event "Ibiza Eivissa op 8th"]
[Site "Eivissa"]
[Date "2019.07.28"]
[Round "7"]
[White "Reina Fernandez, Fabian"]
[Black "Torres Torres, Pedro"]
[Result "1-0"]
[WhiteElo "1561"]
[BlackElo "1676"]
[PlyCount "79"]
[EventDate "2019.07.07"]
[EventType "swiss"]
[EventRounds "7"]
[EventCountry "ESP"]
[SourceTitle "EXT 2020"]
[Source "ChessBase"]
[SourceDate "2019.10.17"]
[SourceVersion "1"]
[SourceVersionDate "2019.10.17"]
[SourceQuality "1"]

1. e4 c5 2. d3 Nc6 3. Nd2 Nf6 4. Ngf3 e5 5. g3 d6 6. Bg2 Bg4 7. 0-0 Nd4 8. c3 Nxf3+ 9. Nxf3 Qd7 10. Re1 h6 11. d4 cxd4 12. cxd4 Bxf3 13. Bxf3 Be7 14. Be3 0-0 15. Rc1 b6 16. Bg2 Rfc8 17. dxe5 Rxc1 18. Bxc1 dxe5 19. Qxd7 Nxd7 20. f4 f6 21. Rd1 Rd8 22. b4 Nf8 23. Rxd8 Bxd8 24. Bf1 Bc7 25. Bc4+ Kh7 26. f5 g6 27. g4 Kg7 28. Kf2 Nd7 29. h4 g5 30. h5 Kf8 31. Ke3 Ke7 32. Kd3 Kd6 33. a4 Nb8 34. Ba3 Nd7 35. Be6 Ke7 36. Kc4 Nf8 37. Bg8 Bd6 38. Kb5 a5 39. bxa5 Bxa3 40. a6 1-0

[Event "Ibiza Eivissa op 8th"]
[Site "Eivissa"]
[Date "2019.07.20"]
[Round "4"]
[White "Galvez Maldonado, Antonio"]
[Black "Torres Torres, Pedro"]
[Result "0-1"]
[WhiteElo "1387"]
[BlackElo "1676"]
[PlyCount "64"]
[EventDate "2019.07.07"]
[EventType "swiss"]
[EventRounds "7"]
[EventCountry "ESP"]
[SourceTitle "EXT 2020"]
[Source "ChessBase"]
[SourceDate "2019.10.17"]
[SourceVersion "1"]
[SourceVersionDate "2019.10.17"]
[SourceQuality "1"]

1. d4 d5 2. Nf3 Nf6 3. c4 c6 4. Nc3 e6 5. Qc2 Be7 6. e3 0-0 7. Bd3 h6 8. 0-0 Nbd7 9. e4 dxe4 10. Nxe4 b6 11. Ne5 Bb7 12. Qe2 c5 13. Nxd7 Qxd7 14. Nxf6+ Bxf6 15. dxc5 bxc5 16. Rd1 Qc6 17. Qg4 Rad8 18. Bc2 Rxd1+ 19. Bxd1 Qe4 20. Qxe4 Bxe4 21. Be3 Bxb2 22. Bf3 Bxa1 23. Bxe4 Rd8 24. g3 Bd4 25. Bf4 e5 26. Bc1 f6 27. Kg2 Rb8 28. h4 Rb4 29. Kf3 Kf8 30. Bd5 Rb1 31. Be3 Ra1 32. a4 Rxa4 0-1